Catálogo
 En Linea

21 Poemas que van y vienen / (Registro nro. 43055)

Detalles MARC
000 -CABECERA
campo de control de longitud fija 00898nam a2200253 a 4500
001 - NÚMERO DE CONTROL
campo de control 000043566
005 - FECHA Y HORA DE LA ÚLTIMA TRANSACCIÓN
campo de control 20201002044844.0
008 - DATOS DE LONGITUD FIJA--INFORMACIÓN GENERAL
campo de control de longitud fija 140326s2014 dr r 000 p spa d
020 ## - NÚMERO INTERNACIONAL ESTÁNDAR DEL LIBRO
Número Internacional Estándar del Libro 9789945583724
040 ## - FUENTE DE LA CATALOGACIÓN
Centro catalogador/agencia de origen DO-SdBNP
Lengua de catalogación spa
Centro/agencia transcriptor BNPHU
082 ## - NÚMERO DE LA CLASIFICACIÓN DECIMAL DEWEY
Número de clasificación 861.44
Número de documento/Ítem F639v
100 1# - ENTRADA PRINCIPAL--NOMBRE DE PERSONA
Nombre de persona Floro, Marie-Aimée
9 (RLIN) 71381
245 10 - MENCIÓN DE TÍTULO
Título 21 Poemas que van y vienen /
Mención de responsabilidad, etc. Marie-Aimée Floro; prólogo Maurice Belrose.
246 12 - FORMA VARIANTE DE TÍTULO
Título propio/Titulo breve Veintiun poemas que van y vienen.
260 ## - PUBLICACIÓN, DISTRIBUCIÓN, ETC.
Lugar de publicación, distribución, etc. Santo Domingo :
Nombre del editor, distribuidor, etc. Santuario,
Fecha de publicación, distribución, etc. 2014.
300 ## - DESCRIPCIÓN FÍSICA
Extensión 84 p. ;
Dimensiones 23 cm.
500 ## - NOTA GENERAL
Nota general Texto en español y francés
500 ## - NOTA GENERAL
Nota general Incluye datos biografícos de la autora en las solapas.
590 ## - NOTA LOCAL (RLIN)
Nota local Inventariado, 2018/BT
650 #4 - PUNTO DE ACCESO ADICIONAL DE MATERIA--TÉRMINO DE MATERIA
Término de materia o nombre geográfico como elemento de entrada Poesía francesa
Subdivisión geográfica Isla De Martinica
9 (RLIN) 71382
650 #4 - PUNTO DE ACCESO ADICIONAL DE MATERIA--TÉRMINO DE MATERIA
Término de materia o nombre geográfico como elemento de entrada Literatura francesa
Subdivisión geográfica Isla De Martinica
9 (RLIN) 71383
700 12 - PUNTO DE ACCESO ADICIONAL--NOMBRE DE PERSONA
Nombre de persona Belrose, Maurice,
Término indicativo de función/relación prol.
9 (RLIN) 71384
910 ## - DATOS DE OPCIÓN DEL USUARIO (OCLC)
Datos de opción del usuario Validado. Control de calidad. MFF
Existencias
Estado de retiro Estado de pérdida Restricciones de uso No para préstamo Código de colección Localización permanente Ubicación/localización actual Ubicación en estantería Fecha de adquisición Número de inventario Total de préstamos Signatura topográfica completa Código de barras Fecha visto por última vez Número de copia Precio válido a partir de Tipo de ítem Koha
        Dominicana de Servicio General General Depósito 26.03.2014 LF1   861.44 F639v 43566-30 25.06.2020 e. 3 25.06.2020 Libro y Folleto Colección Dominicana de Servicio
      Excluido de préstamo Patrimonio Dominicano Patrimonio Dominicano Patrimonio Dominicano Depósito 26.03.2014 LF1   861.44 F639v 204 25.06.2020   25.06.2020 Libro y Folleto Colección Patrimonio Dominicano
      Excluido de préstamo Patrimonio Dominicano Patrimonio Dominicano Patrimonio Dominicano Depósito 26.03.2014 LF1   861.44 F639v 43566-20 25.06.2020 e. 2 25.06.2020 Libro y Folleto Colección Patrimonio Dominicano

Con tecnología Koha